| Tag |
First Indicator |
Second Indicator |
Subfields |
| LEADER |
00000cam a2200000 a 4500 |
| 001 |
in00001069762 |
| 005 |
20150929101601.0 |
| 008 |
911001s1992 pau b 001 0 eng |
| 010 |
|
|
|a 91035864
|
| 020 |
|
|
|a 0812231538
|
| 035 |
|
|
|a (OCoLC)24626513
|
| 035 |
|
|
|9 AFP2066AM
|
| 040 |
|
|
|a DLC
|c DLC
|d IAI
|d TXA
|d UtOrBLW
|
| 043 |
|
|
|a e-uk---
|
| 049 |
|
|
|a TXAM
|
| 050 |
0 |
0 |
|a DA485
|b .B26 1992
|
| 082 |
0 |
0 |
|a 001
|2 20
|
| 100 |
1 |
|
|a Barrell, John.
|
| 245 |
1 |
4 |
|a The birth of Pandora and the division of knowledge /
|c John Barrell.
|
| 264 |
|
1 |
|a Philadelphia :
|b University of Pennsylvania Press,
|c 1992.
|
| 300 |
|
|
|a xvii, 263 pages :
|b illustrations ;
|c 25 cm.
|
| 336 |
|
|
|a text
|b txt
|2 rdacontent
|
| 337 |
|
|
|a unmediated
|b n
|2 rdamedia
|
| 338 |
|
|
|a volume
|b nc
|2 rdacarrier
|
| 490 |
1 |
|
|a New cultural studies series
|
| 500 |
|
|
|a "First published 1992 by Macmillan Academic and Professional Ltd"--Title page verso.
|
| 504 |
|
|
|a Includes bibliographical references and index.
|
| 651 |
|
0 |
|a Great Britain
|x Intellectual life
|y 18th century.
|
| 650 |
|
0 |
|a English literature
|y 18th century
|x History and criticism.
|
| 650 |
|
0 |
|a Art, British
|y 18th century.
|
| 650 |
|
0 |
|a Knowledge, Theory of.
|
| 830 |
|
0 |
|a New cultural studies series.
|
| 999 |
|
|
|a MARS
|
| 999 |
f |
f |
|s ebbcf33b-d688-3571-a92b-68272ee7c8de
|i 120ea1c8-f845-32ea-945a-cb73723cce06
|t 0
|
| 952 |
f |
f |
|p normal
|a Texas A&M University
|b College Station
|c Sterling C. Evans Library
|d Evans: Library Stacks
|t 0
|e DA485 .B26 1992
|h Library of Congress classification
|i unmediated -- volume
|m A14815655346
|
| 998 |
f |
f |
|a DA485 .B26 1992
|t 0
|l Evans: Library Stacks
|